| 000 | 00731nam a2200217 a 4500 | ||
|---|---|---|---|
| 003 | 0 | ||
| 005 | 20250515143347.0 | ||
| 008 | 021127s19uu xx 00 eng d | ||
| 050 |
_aPGS RC 567 _b.Y11 2001 |
||
| 100 | _aYabut, Stephanie Prescille Camino. | ||
| 245 |
_aA profile of selected chain-smokers / _cStephanie Prescille Camino Yabut. |
||
| 260 |
_aLas PiƱas City, Philippines : _bSouthville International School and Colleges, _c2001. |
||
| 300 |
_a23 pages : _billustrations ; _c28 cm. |
||
| 504 | _aIncludes bibliographical references. | ||
| 650 | _aSmoking. | ||
| 650 | _aNicotine addiction. | ||
| 650 |
_aSmoking _vHealth aspects. |
||
| 650 | _aSmoking cessation. | ||
| 650 | _aTobacco use. | ||
| 942 |
_2lcc _cPASS |
||
| 999 |
_c96483 _d96483 |
||